Leyendas y refranes complutenses / (Record no. 93204)

MARC details
000 -LEADER
campo de control de longitud fija 00528nam a2200157 i 4500
001 - NÚMERO DE CONTROL
campo de control 93204
003 - IDENTIFICADOR DE NÚMERO DE CONTROL
campo de control ES-MaACL
007 - CAMPO FIJO DE DESCRIPCIÓN FÍSICA--INFORMACIÓN GENERAL
campo de control de longitud fija t|
008 - DATOS DE LONGITUD FIJA--INFORMACIÓN GENERAL
campo de control de longitud fija 050408s1982 sp ||||1| spa d
100 1# - ENTRADA PRINCIPAL--NOMBRE DE PERSONA
Nombre de persona Lope Huerta, Arsenio.
9 (RLIN) 73278
245 10 - MENCIÓN DEL TÍTULO
Título Leyendas y refranes complutenses /
Mención de responsabilidad, etc. por Arsenio E. Lope Huerta, M. Vicente Sánchez Moltó.
260 ## - PUBLICACIÓN, DISTRIBUCIÓN, ETC.
Lugar de publicación, distribución, etc. Madrid :
Nombre del editor, distribuidor, etc. Diputación Provincial de Madrid,
Fecha de publicación, distribución, etc. 1982.
300 ## - DESCRIPCIÓN FÍSICA
Extensión 198 p.con 20 lám. ;
Dimensiones 22 cm.
700 1# - ENTRADA AGREGADA--NOMBRE PERSONAL
Nombre de persona Sánchez Moltó, M. Vicente.
9 (RLIN) 102788
852 ## - LOCALIZACIÓN
Ubicación ES-MaACL
Número de control de estantería L-6966
Sublocalización o colección R.107925
Holdings
Estatus retirado Estado de pérdida Estado de daño No para préstamo Biblioteca de origen Biblioteca actual Ubicación en estantería Fecha de adquisición Fuente de adquisición Total de préstamos Signatura topográfica completa Código de barras Visto por última vez Precio de reemplazo Tipo de ítem Koha
        Biblioteca del Ateneo de Madrid Biblioteca del Ateneo de Madrid Depósito 2 17/01/2008     L-6966 1097289 23/02/2023 23/02/2023 Libro impreso